000 01123nmc a2200361 a 4500
003 AR-BaBNM
005 20251128204730.0
008 011101s1994 ||||||||||||||000 | spa||
020 _a950-12-6104-2
040 _cAR-BaBNM
100 1 _aMartínez Guarino, Ramón
245 1 0 _aLa escuela productiva
_butopía y realidad
250 _a1ª ed.
260 _aBuenos Aires
_bPaidós
_c1994
300 _a182 p.
490 0 _aCuestiones de educación
_vv. 4
500 _aPrólogo por Ignacio Hernaez
500 _aEMETA: ExPANSION Y MEJORAMIENTO DE LA EDUCACION TECNICO AGROPECUARIO
500 _aEMER: ExPANSION Y MEJORAMIENTO DE LA EDUCACION RURAL
500 _aPCA: PUESTOS DE CAPACITACION AGROPECUARIA
504 _aBibliografía p. 181-182
650 4 _aEDUCACION Y EMPLEO
650 4 _aCAPACITACION AGRICOLA
650 4 _aESCUELAS EXPERIMENTALES
650 4 _aEDUCACION PARA EL TRABAJO
650 4 _aENSENANZA EXPERIMENTAL
651 4 _aArgentina
653 _aENSENANZA AGRARIA
653 _aESTRATEGIAS EDUCATIVAS
653 _aEXPERIENCIAS EDUCATIVAS
942 _cBK
998 _cenrique
999 _c8602
_d8602